| 000 | 00597cam a2200169Ia 4500 | ||
|---|---|---|---|
| 082 |
_a941.7 _bLAW |
||
| 100 | 1 |
_aLawless, Emily, _950144 |
|
| 245 | 1 | 0 |
_aIreland / _cby Emily Lawless ; with some additions by Mrs. Arthur Bronson. |
| 260 |
_aNew York : _bG.P. Putnam's Sons ; _aLondon : _bT. Fisher Unwin, _c1902, c1887. |
||
| 300 |
_axxix, 435 p., [2] folded leaves of plates : _bill., maps ; _c20 cm. |
||
| 490 | 1 | _aThe story of the nations | |
| 500 | _aIncludes index. | ||
| 526 |
_a0 _b0 _c0 _d941_700000000000000_LAW |
||
| 650 |
_aMCE _9379 |
||
| 700 | 1 |
_aBronson, Arthur, _950145 |
|
| 942 |
_2ddc _cBK |
||
| 999 |
_c552877 _d552877 |
||